Quizzes
Events
Quiz Creation
Community
Videos
Private Events
Remove Ads
Sign In
Join for FREE
Feedback
Dark Mode
Quiz Categories
Sports
Geography
Music
Movies
Television
Just For Fun
Miscellaneous
History
Literature
Language
Science
Gaming
Entertainment
Religion
Holiday
For Kids
Quiz Lab
Recent
Popular Today
Quiz Kudos Today
Editor Picks
Curator Picks
Quizzes by...
Day
Popularity
Type
Ratings
Length
Year
Community
Subscriptions
Recent Discussions
Orange Saloon
Badges
Playlists
Quests
Create
Leaderboards
Showdown
Live 5
Trivia Bingo
Activity
Puzzle Library
Sporcle Events
Private Events
Virtual Trivia
Globe League
Become a Host
Pub Owners
SporcleCon
Opinionation
Our Games
Videos
Blog
Mobile Apps
Partnerships
Remove Ads and Go Orange
Feedback
Music
Pop Music
The Beatles
Song
Album
Lyrics
Bands
Singers
Artist
Clip
Rock
Rap
Classical
Billboard
Country Music
Kpop
Taylor Swift
Music
Pop Music
The Beatles
Song
Album
Lyrics
Bands
Singers
Artist
Clip
Rock
Rap
Classical
Billboard
Country Music
Kpop
Taylor Swift
Random Quiz
Search Sporcle
×
Quiz Lab
Quiz Lab
Music
Song
Type in answers that appear in a list
Type in answers that appear in a list
Classic
Best Score? Go Orange.
Song Origins Stats
Can you name the song from these events that may have inspried them?
By
dmartschenko
10m
23 Questions
281 Plays
281 Plays
281 Plays
Comments
Comments
Give Quiz Kudos
Give Quiz Kudos
-
- Ratings
hide this ad
Replay
Link that replays current quiz
Next Quiz
Link to next quiz in quiz playlist
You Got
0%
They Got
Avg Score
49%
Avg Friend Score
Upgrade to see
Score Distribution
Jump to the score distribution portion of the page
Score
0/23
Timer
10:00
0
Plays Today
Inspirational Event
Song
% Correct
Young Aretha wins the school spelling bee and earns the admiration of her peers.
Respect
83.6%
A stay at a west coast inn goes horribly wrong for five guys from LA.
Hotel California
70.1%
While touring a winery, Marvin hears some really good gossip.
I Heard It Through The Grapevine
67.6%
Young Elton finally overcomes his obsession with The Wizard of Oz.
Goodbye Yellow Brick Road
63.3%
Paul and Art ponder the question of a tree falling in the woods with no one around to hear it.
The Sound of Silence
62.6%
The soap runs out in Kurt's high school locker room after an exciting pep rally.
Smells Like Teen Spirit
59.1%
While watching his favorite music videos, Mark overhears a refrigerator delivery man lamenting the easy life musicians lead.
Money For Nothing
58%
Young Billy and his friends are unfairly blamed for burning down the school.
We Didn't Start The Fire
53.4%
A formerly known artist dreams the angels spill red and blue food coloring in the clouds.
Purple Rain
52.3%
John and his three buddies from England find themselves in desperate circumstances.
Help!
50.5%
Roger, David, Nick and Richard drop out of school and take on tedious masonry jobs.
Another Brick In The Wall
49.1%
Michael's friends tease him about a strange infatuation with a former female tennis star.
Billie Jean
48.4%
Inspirational Event
Song
% Correct
Don becomes reflective when he learns that most desserts these days are imported.
American Pie
48.4%
Upon getting his license, Sam finds the federally mandated speed limit too harsh.
I Can't Drive 55
48%
The lights go out in the middle of Bruce's senior prom.
Dancing In The Dark
47.7%
Motown bandleader dreams his father toured with Mick Jagger.
Papa Was A Rollin' Stone
47.3%
Four boys from Athens, Georgia, question their faith, and don't like the answers.
Losing My Religion
44.8%
Kelly finds she wins more at Scrabble after she loses the letter U.
Since U Been Gone
37.4%
A disheartened Bono is frustrated after an unproductive trip to the local Walmart.
I Still Haven't Found What I'm Looking For
34.5%
The Wilson boys and their friends find love on the beach after a small earthquake.
Good Vibrations
33.5%
Roland and Curt are disappointed to learn they aren't the first to plan for world domination.
Everybody Wants To Rule The World
31.3%
A couple of honest brothers fall for Melody after she's freed from the shackles of prison.
Unchained Melody
26.7%
Four guys from England consider a possible loophole in the Bible's teachings on the path to salvation.
Stairway To Heaven
26.3%
Quiz Playlist
Details
Report
Send in Message
Add To Playlist
Classic:
Type in answers that appear in a list
Last Updated: Feb 16, 2017
Quiz Scoreboard
CHALLENGE
Sign Up to Join the Scoreboard
Show All
Scores
Hide
Comments
May contain spoilers
Recently Published
An Introduction to Baseball
by treessimontrees
Sports
5m
Movies - When Are They Set?
by FPL_Elf
Movies
5m
Popular People in 1961
by mucciniale
History
6m
More to Explore
Quiz From the Vault
Featured Blog Post
Where Did the Easter Bunny Come From?
hide this ad
You Might Also Like...
Tags
Artist Quiz
Song Quiz
Event
May
origin
Today's Top Quizzes in Music
Browse Music
hide this ad
Today's Top Quizzes in Song
Browse Song
Top Contributed Quizzes in Music
1
Taylor Swift All Songs (2024)
2
Guess the Artist- 70s Songs
3
KPOP LOGIC QUIZ
4
One Thing in Common: Music
5
2010s Album by Cover III
6
Guess the Taylor Swift song (Mystery Song)
7
Taylor Swift Logic Puzzle
8
2010s Album by Cover IV
9
2010s Album by Cover V
10
Kpop Logic Quiz
Explore More
Trending Topics
Anime
Marvel
Crossword
Disney
Harry Potter
NBA
Kpop
The Office
Pokémon
Country
Soccer
WWE
NFL
Song
Puzzle
hide this ad
More By:
dmartschenko
Quiz
Plays
Rating
Category
Featured
Created
Sitcom Husbands & Wives
180,271
4.47
Television
Oct 15, 2009
Popular Bible Words
137,891
4.29
Religion
Nov 10, 2009
LOST Numbers
128,432
3.89
Television
Jan 23, 2010
Sitcom Husbands & Wives II
17,045
4.02
Television
Oct 19, 2009
Know Your Division Tables?
9,079
3.64
Science
Mar 24, 2010
Go to Creator's Profile
Score Distribution
Quiz Creator Spotlight
dmartschenko
Follow
Send a Message
Quizzes Created
-
Created Quiz Play Count
-
More By This Creator
Popular Quizzes Today
1
Find the Countries of Europe - No Outlines Minefield
2
Find the US States - No Outlines Minefield
3
The Countries of the World
4
Popular People in 1961
5
US States
6
Find the US States
7
1-10 Letter E Words III
8
Risky Map Clicking: Biggest States A-Z
More Music Quizzes
'Girl'-y Songs
Quiz Lab
Trending Quizzes
Risky Map Clicking: Least Populous States A-Z
1-10 Letter F Words
1-10 Letter G Words
One Thing in Common: United Kingdom
Not Quite an Element Typing Challenge
Recently Updated
Leaping Animals
pecheneg
Reality TV Shows (A-Z)
bhenderson79
Rickey Henderson's Hall of Fame Teammates
pecheneg
Champions League XIs: Arsenal
pecheneg
Quick Pick: Celebrities in WWE's Hall of Fame
aduchscher
A-Z Keypad Blitz II
pecheneg
Multiple Oscar Actors
pecheneg
Mystery Phrase Blitz: Oscar 'Best Actors'
pecheneg
F. Scott Fitzgerald Novels
LTH
Pick 3 Villains
ddd62291
Trending Topics
Anime
Marvel
Kpop
Harry Potter
Crossword
Disney
NBA
Pokémon
WWE
Soccer
Country
NFL
Song
The Office
Puzzle
Your Account Isn't Verified!
In order to create a playlist on Sporcle, you need to verify the email address you used during registration. Go to your
Sporcle Settings
to finish the process.
Report this User
Report this user for behavior that violates our
Community Guidelines
.
Details:
Send Report
Go to the Sporcle.com Mobile Site →
Comments